00393nam a2200181Ia 4500003000400000005001700004008004100021020001900062040000700081041000800088082001300096100002200109245002400131260001700155300000800172650001200180700001900192OSt20251209105033.0250729s1931 xx 000 0 und d a978-1330356388 cAL aeng a900 BERR aBerdyaev Nicholas a Russian revolution aLondonc1931 a95p aHistory aRao Digumurthi